000 00986nam a22002777i 4500
999 _c23606
_d23606
003 AR-CdUCM
008 260420b 2023sp o|||| |||| 00| 0 spa d
020 _a978-84-19483-30-0
040 _aMUNICIPALIDAD PROVINCIAL DEL CUSCO
_cBIBLIOTECA MUNICIPAL DEL CUSCO
041 _hspa
082 _a641.76
_bA13
100 _aAbella, Florencia
_952582
245 _aAsado :
_bParrillada Argentina /
260 _aMálaga, España :
_bCol&Col Ediciones
_c2023
300 _a184 páginas. :
_c19,5x24,5 cm.
505 _aArgentina y el asado -- Asado en casa -- Parrillas argentinas -- Asado a leña -- Asado con carbón -- Cortes de carne -- Técnicas de asado -- Recetas para el asado -- Empanadas -- Acompañamientos
650 _aAsado
_952583
650 _aParrillas
_952584
650 _aLeña
_952585
650 _aCarne
_952586
650 _aEmpanadas
_952587
650 _aCarbón
_922764
856 _fwww.colandcol.com
942 _2ddc
_cLIBROS
945 _aesh
_d20-04-2026